00454nam a22001337a 4500008004100000040005500041080001600096245009000112260004400202300001600246650001900262653002100281653001800302230331b |||||||| |||| 00| 0 eng d aNational Science LibrarycNational Science Library aR 35.08bN4 aSwamy's complete manual on establishment and administration c/ Muthuswamy and Brinda aMadras: bSwamy Publishers Ltd., c1994 aviii, 944p. aAdministration aAge relaxations  aCasual labour